000 005240000a22001690004500
003 MACL
005 20160227163200.0
008 160227b xxu||||| |||| 00| 0 eng d
040 _aMACL
_cMACL
041 _aHindi
082 _a610
100 _aगाला ध. रा
_941056
245 _aह्रदयरोग को रोकिए आयुष्‍य बढाइए
260 _bगाला पब्लिशर्स
_c1988
_aबंबई
650 _aMedical Science
_941057
942 _cHIN
_k610
_2ddc
999 _c28551
_d28551